<?xml version="1.0" encoding="UTF-8"?>
<collection xmlns:xsi="http://www.w3.org/2001/XMLSchema-instance" xsi:schemaLocation="http://www.loc.gov/MARC21/slim http://www.loc.gov/standards/marcxml/schema/MARC21slim.xsd" xmlns="http://www.loc.gov/MARC21/slim">
 <record>
  <leader>00000cam a22000004a 4500</leader>
  <controlfield tag="001">UP-99796217609954948</controlfield>
  <controlfield tag="003">Buklod</controlfield>
  <controlfield tag="005">20110727104449.0</controlfield>
  <controlfield tag="006">g||| g      q   v|</controlfield>
  <controlfield tag="007">ta</controlfield>
  <controlfield tag="008">110727s2010    xx     d     r    |||| u|</controlfield>
  <datafield tag="020" ind1=" " ind2=" ">
   <subfield code="a">9789712724015</subfield>
  </datafield>
  <datafield tag="035" ind1=" " ind2=" ">
   <subfield code="a">(iLib)UPD-00177204756</subfield>
  </datafield>
  <datafield tag="040" ind1=" " ind2=" ">
   <subfield code="a">DML</subfield>
   <subfield code="d">DMLF</subfield>
  </datafield>
  <datafield tag="041" ind1="0" ind2=" ">
   <subfield code="a">fil</subfield>
  </datafield>
  <datafield tag="042" ind1=" " ind2=" ">
   <subfield code="a">DMLUC</subfield>
  </datafield>
  <datafield tag="090" ind1=" " ind2=" ">
   <subfield code="a">PL 6164.8 C5</subfield>
   <subfield code="b">A473 2010</subfield>
  </datafield>
  <datafield tag="100" ind1="1" ind2=" ">
   <subfield code="a">Almario, Virgilio S.</subfield>
  </datafield>
  <datafield tag="245" ind1="1" ind2="0">
   <subfield code="a">Panitikang pambata sa Filipinas</subfield>
   <subfield code="b">mga gunita, tala, puna't pansin sa kasaysayan</subfield>
   <subfield code="c">Virgilio S. Almario.</subfield>
  </datafield>
  <datafield tag="264" ind1=" " ind2="1">
   <subfield code="a">Pasig City</subfield>
   <subfield code="b">Anvil</subfield>
   <subfield code="c">c2010.</subfield>
  </datafield>
  <datafield tag="300" ind1=" " ind2=" ">
   <subfield code="a">vi, 255 p.</subfield>
  </datafield>
  <datafield tag="505" ind1="0" ind2=" ">
   <subfield code="a">Warning: isang kasaysayang pinersonal ito -- Si Ceres ang ninang ko -- Aklat Adarna : libro ng batang Filipino -- Ang henyo ni Rene Villanueva -- Albert Gamos: numero unong ilustrador ng libraong pambata -- O si Imelda ang ninang ko? -- Giyera patani sa P5M aklat -- Sabi ng survey -- Ang edukasyon ng isang pabliser -- Integridad -- Ang tunay na artist pambata -- Kung mangaral si Sendak -- Children's Communication Center -- Kung mangaral si Sendak -- Children's Communication Center -- Kung mangmang ang puno -- Philippine board on books for young people -- Bakit si Rizal? -- Nutrisyong Amerikano -- Saliksik Americano -- Pakatutubo -- Paalamat -- Anong &quot;k&quot; mo? -- E, saan nga nanggagaling ang ideya? -- Disiplina -- Masaya!masaya! -- Magsaya pa! -- Kwento at kwenta -- Mental feeding -- Ang problema kay lola Basiang -- Sa laberinto ng kababalaghan (ngayon) -- Ang Etika ng muling-pagsasalaysay -- Nora sindirela -- Muli, ang pagbabalik kay Lola Basiang -- Sindak -- Wanted: editor -- Varayti, dayversiti -- Picture book po, hindi komiks -- Kaming laki sa komiks -- Bagong anyo ng buhay -- Telebisyon para sa bata -- Mula tuygma't berso -- Dulang pambata -- Filipinisasyon at pagsasalin -- Kritisismo bilang pagsusuri-sa-sarili -- Ang pagbabalik ni Lola Basiang -- Toweards a literacy our people really need -- Recreating the national imagination -- Mga gampanin para sa kaunlaran ng panitikang pambata.</subfield>
  </datafield>
  <datafield tag="650" ind1=" " ind2="0">
   <subfield code="a">Children's literature, Philippine</subfield>
   <subfield code="x">History and criticism.</subfield>
  </datafield>
  <datafield tag="650" ind1=" " ind2="0">
   <subfield code="a">Children's literature, Philippine.</subfield>
  </datafield>
  <datafield tag="905" ind1=" " ind2=" ">
   <subfield code="a">FI</subfield>
  </datafield>
  <datafield tag="950" ind1=" " ind2=" ">
   <subfield code="a">Monograph</subfield>
  </datafield>
  <datafield tag="852" ind1="0" ind2=" ">
   <subfield code="a">UPD</subfield>
   <subfield code="b">DCAL</subfield>
   <subfield code="h">PL 6164.8 C5 A46 2010</subfield>
  </datafield>
  <datafield tag="852" ind1="0" ind2=" ">
   <subfield code="a">UPD</subfield>
   <subfield code="b">DEDUC</subfield>
   <subfield code="h">PL 6164.8 C5</subfield>
   <subfield code="i">A473 2010</subfield>
  </datafield>
  <datafield tag="852" ind1="0" ind2=" ">
   <subfield code="a">UPD</subfield>
   <subfield code="b">DMLF</subfield>
   <subfield code="h">PL 6164.8 C5 A473 2010</subfield>
  </datafield>
  <datafield tag="942" ind1=" " ind2=" ">
   <subfield code="a">Book</subfield>
  </datafield>
 </record>
</collection>
